| 000 | 03242nab a2200313 i 4500 | ||
|---|---|---|---|
| 003 | BR-BrBNA | ||
| 005 | 20251112164935.0 | ||
| 008 | 251112b2020 bl.mr|pooa||| 00| 0 eng | | ||
| 040 |
_aBR-BrBNA _beng |
||
| 072 | _aP33 | ||
| 072 | _aF07 | ||
| 100 | _aParize, Camila W. L. | ||
| 100 | _aSilva, Thiago X. da | ||
| 100 | _aKmiecik, Leonardo L. | ||
| 100 | _aParize, Guilherme L. | ||
| 100 | _aOiole, Yasser A. | ||
| 100 | _aJasper, Samir P. | ||
| 245 | _aDevelopment and validation of hydraulic driven electronic penetrometer for georeferenced point collection | ||
| 500 | _aPublicação on-line; 25 ref.; 3 illus; 3 tables; Sumaries (En, Pt) | ||
| 520 | _a ABSTRACT: Soil penetration resistance (SPR) is used as an indicator of compaction, as it is related to important soil and plant attributes and is an easily obtainable measure. Its determination with the use of the penetrometer guides to the best soil management strategies, thus favoring crop development. The objective of this study was to develop and validate the georeferenced hydraulic driven electronic penetrometer, making it easier to obtain SPR. For this, 36 SPR readings from 0 to 0.60 m depth were performed with the manual and hydraulic penetrometers in two areas. The SPR results were analyzed by establishing the confidence intervals by the t-test (p ≤ 0.10) at each 0.05 m depth and the georeferencing was analyzed through the root mean square error (RMSE). It was found that both penetrometers showed similarity in SPR measurement and in the georeferencing of the points. Key words: soil management, soil penetration resistance, compaction | ||
| 520 | _a RESUMO: A resistência à penetração do solo (RSP) é empregada como indicadora da compactação, por estar relacionada a importantes atributos do solo e das plantas, e por ser uma medida de fácil obtenção. Sua determinação com o uso do penetrômetro orienta para as melhores estratégias de manejo do solo, favorecendo assim o desenvolvimento das culturas. O objetivo deste estudo foi desenvolver e validar o penetrômetro eletrônico de acionamento hidráulico georreferenciado, facilitando a obtenção da RSP. Para tanto foram realizadas 36 leituras de 0 a 0,60 m de profundidade da RSP com os penetrômetros manual e hidráulico em duas áreas. Os resultados de RSP foram analisados estabelecendo-se os intervalos de confiança pelo teste t (p ≤ 0,10), a cada 0,05 m de profundidade, e o georreferenciamento através da raiz do erro quadrático médio (RSME). Constatou-se que ambos penetrômetros apresentaram similaridade na mensuração da RSP e do georreferenciamento dos pontos. Palavras-chave: manejo do solo, resistência do solo à penetração, compactação | ||
| 650 | _aMANEJO DO SOLO | ||
| 650 | _aANÁLISE DO SOLO | ||
| 650 | _aPRENSAGEM | ||
| 773 | 0 |
_03534 _9317788 _dCampina Grande-PB Universidade Federal de Campina Grande. Centro de Ciências e Tecnologia 1997 _o2024-4509 _tRevista Brasileira de Engenharia Agrícola e Ambiental (Brazil) _x1415-4366 _gv. 24 (7) p. 497-502; (2020) _wBR2025001764 |
|
| 856 | _uhttps://www.scielo.br/j/rbeaa/a/yqwzDSJj4ZfRKkZ8qrhyWKN/?format=pdf&lang=en | ||
| 942 | _cANA | ||
| 999 |
_c339045 _d339045 |
||